000 00499nam a2200181Ia 4500
001 10361
005 20260306161826.0
008 260306t2007||||xx |||||||||||||| ||spa||
041 _aESP
082 _a921.2
_bE325
100 _aEdmonds, David
_eAUT
245 0 _aEl perro de Rousseau:
_bel relato de la guerra entre los grandes pensadores de la época de la ilustración
260 _c2007
300 _a412 páginas :
_c23 cm.
650 _aGEN
654 _aCHU
942 _cLIB
_dJUS
_fJUS
_2ddc
_n
999 _c10361
_d10361